Accountancy Research (Record no. 83242)

MARC details
000 -LEADER
fixed length control field 00344nam a22001457a 4500
003 - CONTROL NUMBER IDENTIFIER
control field URS
005 - DATE AND TIME OF LATEST TRANSACTION
control field 20250630072851.0
040 ## - CATALOGING SOURCE
Transcribing agency urs
050 ## - LIBRARY OF CONGRESS CALL NUMBER
Classification number HF 5630
Item number C112 2022
100 ## - MAIN ENTRY--PERSONAL NAME
Personal name Cabulay, Danny Araneta
Relator term Author
245 ## - TITLE STATEMENT
Title Accountancy Research
260 ## - PUBLICATION, DISTRIBUTION, ETC.
Place of publication, distribution, etc. Mnaila:
Name of publisher, distributor, etc. Rex Book Store,
Date of publication, distribution, etc. [2022]
300 ## - PHYSICAL DESCRIPTION
Extent vii, 242 pages
942 ## - ADDED ENTRY ELEMENTS (KOHA)
Source of classification or shelving scheme Library of Congress Classification
Koha item type Filipiniana
Holdings
Withdrawn status Source of classification or shelving scheme Damaged status Not for loan Home library Current library Shelving location Date acquired Total Checkouts Full call number Barcode Date last seen Price effective from Koha item type
  Library of Congress Classification     Binangonan College Library Binangonan College Library Filipiniana Section 06/30/2025   HF 5630 C112 2022 URSBIN-3940 06/30/2025 06/30/2025 Filipiniana

University of Rizal System
Email us at univlibservices@urs.edu.ph

Visit our Website www.urs.edu.ph/library